Central Library OPAC University of Rajshahi
Normal view MARC view

Entry Topical Term

Number of records used in: 2

001 - CONTROL NUMBER

  • control field: 9322

003 - CONTROL NUMBER IDENTIFIER

  • control field: BD-RjUL

005 - DATE AND TIME OF LATEST TRANSACTION

  • control field: 20231003105843.0

008 - FIXED-LENGTH DATA ELEMENTS

  • fixed length control field: 231003|| aca||aabn | a|a d

040 ## - CATALOGING SOURCE

  • Original cataloging agency: BD-RjUL
  • Transcribing agency: BD-RjUL

150 ## - HEADING--TOPICAL TERM

  • Topical term or geographic name entry element: History
  • Geographic subdivision: Arabia

670 ## - SOURCE DATA FOUND

  • Source citation: Work cat.: (BD-RjUL)82031: احمد, مصباح الدين ;;Ahmad, Misbah Al-Din 9321, فهرست مطالبات كتاب الهارون ;; faharasat mutalibat kitab alharun /, 1955